[Event "Montcalm 1 2016-17"]
[Site "Quebec CAN"]
[Date "2016.09.08"]
[Round "1"]
[White "Lamontagne, Danny"]
[Black "Provost, Andre"]
[Result "1-0"]
[WhiteElo "1864"]
[BlackElo "1467"]
[PlyCount "39"]
[EventDate "2016.09.08"]
[EventType "swiss"]
[EventRounds "5"]
[EventCountry "CAN"]

1. e4 c5 2. Nf3 d6 3. d4 cxd4 4. c3 dxc3 5. Nxc3 Nc6 6. Bc4 e6 7. Bf4 Be7 8.
O-O Nf6 9. Qe2 O-O 10. Rfd1 Nh5 11. Be3 a6 12. Rac1 b5 13. Bd3 Nf6 14. e5 Ng4
15. exd6 Bxd6 16. Ne4 f5 17. Nxd6 Qxd6 18. Bxb5 Qxd1+ 19. Qxd1 Nxe3 20. fxe3
1-0

[Event "Montcalm 1 2016-17"]
[Site "Quebec CAN"]
[Date "2016.09.08"]
[Round "1"]
[White "Lapierre, Gaetan"]
[Black "Leblanc-Legault, Mathieu"]
[Result "1-0"]
[WhiteElo "1896"]
[BlackElo "1695"]
[PlyCount "109"]
[EventDate "2016.09.08"]
[EventType "swiss"]
[EventRounds "5"]
[EventCountry "CAN"]

1. e4 e6 2. d4 d5 3. e5 c5 4. c3 Nc6 5. Nf3 Bd7 6. Be2 Nge7 7. a3 Nf5 8. b4 c4
9. a4 a6 10. O-O Be7 11. Ne1 O-O 12. f4 Qb6 13. Kh1 Ncxd4 14. cxd4 Qxd4 15. Nc2
Qb6 16. g4 Nh6 17. Be3 Qc7 18. Nc3 f6 19. Bd4 b6 20. Qd2 Nf7 21. Qe3 fxe5 22.
fxe5 Bg5 23. Qg3 Bc6 24. Kg1 Nh8 25. Be3 Bxe3+ 26. Qxe3 Ng6 27. Nd4 Bd7 28. Nf3
Rf4 29. h3 Raf8 30. Rae1 b5 31. axb5 axb5 32. Ra1 Rb8 33. Ra7 Rb7 34. Rfa1 Bc8
35. Nxb5 Qb6 36. Qxb6 Rxb6 37. Ra8 Rxb5 38. Rxc8+ Rf8 39. Rxf8+ Kxf8 40. Rb1
Nf4 41. Bf1 h6 42. Kf2 Kf7 43. Ke3 g5 44. Kd4 Ng6 45. Kc3 Ke7 46. Ra1 Rb7 47.
Ra6 Kd7 48. Rd6+ Ke7 49. Nd4 Nxe5 50. Rxe6+ Kd7 51. Rxe5 Kd6 52. Re6+ Kd7 53.
Rxh6 Rb8 54. Bg2 Re8 55. Bxd5 1-0

[Event "Montcalm 1 2016-17"]
[Site "Quebec CAN"]
[Date "2016.09.08"]
[Round "1"]
[White "Plante, Rejean"]
[Black "Sarra-Bournet, Marc"]
[Result "1-0"]
[WhiteElo "2096"]
[BlackElo "1797"]
[PlyCount "73"]
[EventDate "2016.09.08"]
[EventType "swiss"]
[EventRounds "5"]
[EventCountry "CAN"]

1. Nf3 d5 2. g3 Nf6 3. Bg2 e6 4. c4 c6 5. O-O Be7 6. b3 O-O 7. Bb2 Na6 8. d3 b6
9. Nbd2 Bb7 10. cxd5 cxd5 11. a3 Rc8 12. b4 Nb8 13. Nb3 Nbd7 14. Qd2 Bd6 15.
Nh4 Ng4 16. f4 Be7 17. Nf3 Bf6 18. Nbd4 a6 19. h3 Nh6 20. g4 Kh8 21. Rae1 e5
22. fxe5 Nxe5 23. Nxe5 Bxe5 24. g5 Ng8 25. Rf5 Qd6 26. Ref1 f6 27. gxf6 Rxf6
28. Qe3 Rxf5 29. Nxf5 Bh2+ 30. Kh1 d4 31. Bxd4 Bxg2+ 32. Kxg2 Qg6+ 33. Kxh2 Nf6
34. Nxg7 Rf8 35. Ne6 Rf7 36. Bxf6+ Kg8 37. Qe5 1-0

[Event "Montcalm 1 2016-17"]
[Site "Quebec CAN"]
[Date "2016.09.08"]
[Round "1"]
[White "Ripoll, Arthur"]
[Black "Pare, Marc"]
[Result "0-1"]
[WhiteElo "1709"]
[BlackElo "1921"]
[PlyCount "98"]
[EventDate "2016.09.08"]
[EventType "swiss"]
[EventRounds "5"]
[EventCountry "CAN"]

1. e4 d5 2. exd5 Nf6 3. Bc4 Nxd5 4. d4 e6 5. Nf3 Be7 6. O-O O-O 7. Ne5 Nd7 8.
f4 c5 9. Bxd5 exd5 10. Nc3 cxd4 11. Nxd7 dxc3 12. Nxf8 Qb6+ 13. Kh1 cxb2 14.
Bxb2 Qxb2 15. Nxh7 Kxh7 16. Qxd5 Be6 17. Qe4+ g6 18. Rab1 Qxa2 19. Rxb7 Bf6 20.
Rxf7+ Bxf7 21. Qxa8 Qc4 22. Qf3 Qxc2 23. Qb7 Qc4 24. Qf3 a5 25. Rd1 Kg7 26. h4
a4 27. h5 gxh5 28. Rd7 Qe6 29. Ra7 Qe1+ 30. Kh2 Qh4+ 31. Qh3 Qxf4+ 32. Qg3+
Qxg3+ 33. Kxg3 h4+ 34. Kf4 Kg6 35. Rxa4 Bd5 36. Ke3 Bxg2 37. Rg4+ Bg5+ 38. Kf2
Bd5 39. Kg1 Kf5 40. Rb4 Bf7 41. Kf2 Bf4 42. Kf3 Bh5+ 43. Kg2 Kg4 44. Rb7 h3+
45. Kf2 Bg3+ 46. Kg1 Be8 47. Rb4+ Bf4 48. Rb8 h2+ 49. Kh1 Bc6# 0-1

[Event "Montcalm 1 2016-17"]
[Site "Quebec CAN"]
[Date "2016.09.15"]
[Round "2"]
[White "Abran, David"]
[Black "Hines, Jason"]
[Result "1-0"]
[WhiteElo "1888"]
[BlackElo "1408"]
[PlyCount "54"]
[EventDate "2016.09.08"]
[EventType "swiss"]
[EventRounds "5"]
[EventCountry "CAN"]

1. d4 d5 2. c4 e6 3. Nc3 c5 4. e3 Nc6 5. Nf3 Nf6 6. cxd5 exd5 7. Be2 Bd6 8. O-O
O-O 9. a3 cxd4 10. exd4 a6 11. Bg5 Bc7 12. Bh4 Be6 13. Rc1 h6 14. Re1 Bd6 15.
Qd3 Be7 16. Bd1 g6 17. Rxe6 g5 18. Rxf6 Bxf6 19. Bc2 Re8 20. Qh7+ Kf8 21. Qxh6+
Bg7 22. Qxg5 Qb6 23. Nxd5 Qxb2 24. Nc7 Nxd4 25. Nxd4 Bxd4 26. Bh7 Bg7 27. Qc5+
Re7 1-0

[Event "Montcalm 1 2016-17"]
[Site "Quebec CAN"]
[Date "2016.09.15"]
[Round "2"]
[White "Cournoyer, Dominic"]
[Black "Doyon, Stephane"]
[Result "1-0"]
[WhiteElo "1947"]
[BlackElo "1870"]
[PlyCount "51"]
[EventDate "2016.09.08"]
[EventType "swiss"]
[EventRounds "5"]
[EventCountry "CAN"]

1. c4 c6 2. Nf3 d5 3. cxd5 cxd5 4. d4 Nf6 5. Bf4 Nc6 6. e3 a6 7. Bd3 Bg4 8. Nc3
e6 9. h3 Bh5 10. Rc1 Bd6 11. Bxd6 Qxd6 12. O-O O-O 13. Be2 Bg6 14. Na4 Nd7 15.
Qd2 Rfc8 16. Nc5 Rc7 17. Rc3 Rac8 18. Nxb7 Rxb7 19. Bxa6 Rcb8 20. Bxb7 Rxb7 21.
Rfc1 Na7 22. Ne5 f6 23. Nxg6 hxg6 24. Qc2 Qb8 25. b3 Kh7 26. Rc7 1-0

[Event "Montcalm 1 2016-17"]
[Site "Quebec CAN"]
[Date "2016.09.15"]
[Round "2"]
[White "Cummins, Paul"]
[Black "Myre, Eric"]
[Result "1-0"]
[WhiteElo "1732"]
[BlackElo "1962"]
[PlyCount "61"]
[EventDate "2016.09.08"]
[EventType "swiss"]
[EventRounds "5"]
[EventCountry "CAN"]

1. Nf3 c5 2. b3 Nf6 3. Bb2 e6 4. e3 Be7 5. Be2 Nc6 6. O-O O-O 7. d4 b6 8. Nbd2
d5 9. c4 Bb7 10. cxd5 exd5 11. dxc5 bxc5 12. Rc1 Bd6 13. a3 Rc8 14. Qc2 Qe7 15.
Qf5 Qe6 16. Bd3 Ne7 17. Qxe6 fxe6 18. Rfe1 Nc6 19. e4 Nd7 20. exd5 exd5 21.
Rcd1 Bf4 22. Nf1 Rce8 23. Bb5 Nb6 24. a4 a6 25. Bxc6 Bxc6 26. a5 Nd7 27. Ba3
Bd6 28. Ne3 Nf6 29. Nf5 Rxe1+ 30. Rxe1 Bc7 31. Ne7+ 1-0

[Event "Montcalm 1 2016-17"]
[Site "Quebec CAN"]
[Date "2016.09.15"]
[Round "2"]
[White "Dube, Daniel"]
[Black "Lapierre, Gaetan"]
[Result "0-1"]
[WhiteElo "1818"]
[BlackElo "1896"]
[PlyCount "58"]
[EventDate "2016.09.08"]
[EventType "swiss"]
[EventRounds "5"]
[EventCountry "CAN"]

1. e4 e6 2. d4 d5 3. Nc3 dxe4 4. Nxe4 Nd7 5. Nf3 Ngf6 6. Bg5 Be7 7. Nxf6+ Nxf6
8. Bd3 O-O 9. O-O c5 10. dxc5 Bxc5 11. Qe2 Be7 12. Rfd1 Qc7 13. c4 b6 14. Rac1
Bb7 15. a3 Ng4 16. Be4 Bxe4 17. Qxe4 Bxg5 18. Nxg5 Qxh2+ 19. Kf1 Nf6 20. Qf3
Qe5 21. Nh3 Qxb2 22. Rc3 Rad8 23. Re1 Qd2 24. g4 Rd4 25. g5 Ng4 26. Qg3 Nh2+
27. Qxh2 Qxc3 28. g6 Qxc4+ 29. Kg1 Rg4+ 0-1

[Event "Montcalm 1 2016-17"]
[Site "Quebec CAN"]
[Date "2016.09.15"]
[Round "2"]
[White "Fecteau, Martin"]
[Black "Plante, Rejean"]
[Result "1-0"]
[WhiteElo "1869"]
[BlackElo "2096"]
[PlyCount "102"]
[EventDate "2016.09.08"]
[EventType "swiss"]
[EventRounds "5"]
[EventCountry "CAN"]

1. Nf3 c5 2. c4 Nc6 3. g3 g6 4. Bg2 Bg7 5. Nc3 e6 6. e3 Nge7 7. O-O O-O 8. a3
d5 9. cxd5 Nxd5 10. Nxd5 exd5 11. d4 c4 12. Bd2 Bf5 13. Bc3 Re8 14. Qd2 Qd7 15.
Rfe1 Rad8 16. Nh4 Bh3 17. Bh1 g5 18. Ng2 Bf5 19. f3 Bg6 20. Rad1 h6 21. Rf1 b6
22. Qf2 a5 23. Rfe1 Na7 24. g4 Nb5 25. Ra1 Nd6 26. a4 f5 27. h3 Rf8 28. Qg3
fxg4 29. hxg4 Bc2 30. Re2 Bxa4 31. Ne1 Bc6 32. Bg2 Nb5 33. Nc2 Rde8 34. Qe1 Rf7
35. Qd2 Rfe7 36. Rf2 Nd6 37. Re1 Re6 38. e4 Nb7 39. e5 Ra8 40. f4 gxf4 41. Rxf4
b5 42. Ra1 Qd8 43. Qf2 b4 44. Bd2 b3 45. Ne3 a4 46. Bb4 Qd7 47. Rf1 Nd8 48. Ba3
Rg6 49. Nf5 Ne6 50. Ne7+ Kh7 51. Nxg6 Kxg6 1-0

[Event "Montcalm 1 2016-17"]
[Site "Quebec CAN"]
[Date "2016.09.15"]
[Round "2"]
[White "Pare, Marc"]
[Black "Lamontagne, Danny"]
[Result "1-0"]
[WhiteElo "1921"]
[BlackElo "1864"]
[PlyCount "63"]
[EventDate "2016.09.08"]
[EventType "swiss"]
[EventRounds "5"]
[EventCountry "CAN"]

1. e4 c5 2. c3 g6 3. d4 cxd4 4. cxd4 d5 5. Nc3 dxe4 6. Nxe4 Bg7 7. Nf3 Nf6 8.
Nc3 O-O 9. h3 Nc6 10. Bb5 Nb4 11. O-O a6 12. Be2 b5 13. a4 bxa4 14. Qxa4 Nfd5
15. Bd2 Rb8 16. Nxd5 Nxd5 17. Bc3 Qd6 18. Rfe1 Rb6 19. Nd2 Qf4 20. Qa5 Bxd4 21.
Bxd4 Qxd4 22. Nf3 Qf6 23. Qxd5 Rxb2 24. Qe5 Qb6 25. Qxe7 Be6 26. Rxa6 Qb3 27.
Qa3 Qb7 28. Nd4 Re8 29. Bf3 Qb4 30. Qxb4 Rxb4 31. Nxe6 Rb7 32. Bxb7 1-0

[Event "Montcalm 1 2016-17"]
[Site "Quebec CAN"]
[Date "2016.09.15"]
[Round "2"]
[White "Tremblay, Rejean"]
[Black "Quigley, Charles-David"]
[Result "1-0"]
[WhiteElo "2223"]
[BlackElo "1400"]
[PlyCount "43"]
[EventDate "2016.09.08"]
[EventType "swiss"]
[EventRounds "5"]
[EventCountry "CAN"]

1. d4 Nf6 2. c4 g6 3. Nc3 Bg7 4. Nf3 O-O 5. e4 d6 6. Be2 e5 7. O-O Nc6 8. d5
Ne7 9. Ne1 Nd7 10. Be3 f5 11. f3 f4 12. Bf2 g5 13. Rc1 Ng6 14. c5 dxc5 15. b4
cxb4 16. Nb5 b6 17. Nxc7 Nc5 18. Nxa8 Rf7 19. d6 Bb7 20. Nc7 Rxc7 21. dxc7 Qxc7
22. Nd3 1-0

[Event "Montcalm 1 2016-17"]
[Site "Quebec CAN"]
[Date "2016.09.22"]
[Round "3"]
[White "Abran, David"]
[Black "Pare, Marc"]
[Result "1-0"]
[WhiteElo "1888"]
[BlackElo "1921"]
[PlyCount "117"]
[EventDate "2016.09.08"]
[EventType "swiss"]
[EventRounds "5"]
[EventCountry "CAN"]

1. d4 Nf6 2. c4 e6 3. Nf3 d5 4. Bg5 Nbd7 5. e3 h6 6. Bh4 Be7 7. Nc3 O-O 8. Rc1
c6 9. Qc2 Ne4 10. Bg3 f5 11. Bd3 Bf6 12. cxd5 exd5 13. O-O Qe7 14. Rfe1 Rf7 15.
a3 g5 16. Nd2 Nf8 17. f3 Nxg3 18. hxg3 Qd6 19. f4 Bg7 20. Nf3 g4 21. Ne5 Bxe5
22. fxe5 Qg6 23. Ne2 Ne6 24. Rf1 Qg5 25. Nf4 Bd7 26. Kf2 Nxf4 27. exf4 Qg6 28.
Rh1 Rh7 29. Rce1 Be6 30. Rh4 Rf8 31. Reh1 h5 32. Be2 Qf7 33. b4 Rc8 34. Bd3 Rc7
35. Qb1 b6 36. Rc1 Rh6 37. Rc3 Kg7 38. Rh1 Qd7 39. Qc2 Qf7 40. Rxc6 Rxc6 41.
Qxc6 Rh8 42. Ba6 Rd8 43. Rc1 Qe7 44. Qc3 h4 45. Rh1 Rd7 46. Bb5 Rc7 47. Bc6
hxg3+ 48. Kxg3 b5 49. Rc1 Bd7 50. Qd3 Rxc6 51. Rxc6 Bxc6 52. Qxf5 Bd7 53. Qc2
Be6 54. f5 Kg8 55. fxe6 Qxe6 56. Qc7 a6 57. Qd8+ Kf7 58. Qf6+ Qxf6 59. exf6 1-0

[Event "Montcalm 1 2016-17"]
[Site "Quebec CAN"]
[Date "2016.09.22"]
[Round "3"]
[White "Cummins, Paul"]
[Black "Tremblay, Rejean"]
[Result "1/2-1/2"]
[WhiteElo "1732"]
[BlackElo "2223"]
[PlyCount "60"]
[EventDate "2016.09.08"]
[EventType "swiss"]
[EventRounds "5"]
[EventCountry "CAN"]

1. Nf3 Nf6 2. d4 g6 3. g3 Bg7 4. Bg2 O-O 5. O-O d6 6. Nbd2 Nbd7 7. c3 e5 8.
dxe5 dxe5 9. Qc2 Re8 10. Ng5 Qe7 11. Nge4 c6 12. Rd1 Nc5 13. Nxc5 Qxc5 14. Nb3
Qc4 15. e4 b6 16. f3 Qe6 17. Be3 c5 18. Rd2 Bb7 19. Rad1 Bf8 20. Nc1 Bc6 21. b3
Rec8 22. Nd3 Nh5 23. Nf2 Re8 24. Bh3 Qe7 25. Bd7 Bxd7 26. Rxd7 Qe6 27. c4 Nf6
28. R7d3 h5 29. Kg2 a5 30. a4 Rab8 1/2-1/2

[Event "Montcalm 1 2016-17"]
[Site "Quebec CAN"]
[Date "2016.09.22"]
[Round "3"]
[White "Doyon, Stephane"]
[Black "Sarra-Bournet, Marc"]
[Result "0-1"]
[WhiteElo "1870"]
[BlackElo "1797"]
[PlyCount "60"]
[EventDate "2016.09.08"]
[EventType "swiss"]
[EventRounds "5"]
[EventCountry "CAN"]

1. e4 e5 2. Nf3 Nc6 3. d4 exd4 4. Nxd4 Bc5 5. Nxc6 Qf6 6. Qf3 Qxc6 7. Nc3 Ne7
8. Bg5 O-O 9. Bb5 Qg6 10. Bxe7 Bxe7 11. O-O c6 12. Bd3 d6 13. Rfe1 Bg4 14. Qg3
Qh5 15. h3 Be6 16. Ne2 Qh6 17. Nd4 Bh4 18. Qf3 g6 19. Rad1 Rad8 20. Qe2 Bc8 21.
Nf3 Bf6 22. c3 Rfe8 23. Bc2 Be5 24. Nxe5 Rxe5 25. Qf3 Rg5 26. Bb3 Rf8 27. Re3
Bxh3 28. Rxd6 Bxg2 29. Bxf7+ Rxf7 30. Rd8+ Kg7 0-1

[Event "Montcalm 1 2016-17"]
[Site "Quebec CAN"]
[Date "2016.09.22"]
[Round "3"]
[White "Fecteau, Martin"]
[Black "Dumont, Eric"]
[Result "1-0"]
[WhiteElo "1869"]
[BlackElo "1765"]
[PlyCount "137"]
[EventDate "2016.09.08"]
[EventType "swiss"]
[EventRounds "5"]
[EventCountry "CAN"]

1. Nf3 d5 2. d4 Nf6 3. g3 g6 4. Bg2 Bg7 5. c4 c6 6. O-O O-O 7. Nbd2 Nbd7 8. b3
Re8 9. Bb2 Qc7 10. cxd5 cxd5 11. Rc1 Qd6 12. Ne5 Nh5 13. f4 Nb6 14. e3 Nf6 15.
g4 Nfd7 16. Nd3 f6 17. Qf3 Nf8 18. e4 Be6 19. e5 fxe5 20. fxe5 Qd7 21. Nc5 Qc6
22. Na6 Nc4 23. bxc4 Qxa6 24. cxd5 Qxa2 25. Bc3 Bd7 26. Ra1 Qc2 27. Rfc1 Bxg4
28. Qxg4 Qd3 29. Qe4 Qb5 30. Rcb1 Qd7 31. e6 Qc7 32. Bb2 a5 33. Nf3 b5 34. Rc1
Qd6 35. Rc5 Qb6 36. Ne5 a4 37. Qe2 Ra5 38. Nc6 a3 39. Bc3 a2 40. Nb4 Rea8 41.
Qf2 Ra3 42. Bb2 Rb3 43. Rxa2 Rxa2 44. Nxa2 Rxb2 45. Qxb2 Qxc5 46. dxc5 Bxb2 47.
Kf1 Bd4 48. c6 Be5 49. h3 g5 50. Nb4 Ng6 51. Na6 Nf4 52. c7 Bxc7 53. Nxc7 b4
54. d6 Nxe6 55. Nxe6 exd6 56. Bd5 h6 57. Nxg5+ Kg7 58. Ne4 Kg6 59. Nxd6 Kf6 60.
Nc4 Kf5 61. Kf2 Kf4 62. Nb2 Ke5 63. Nd3+ Kxd5 64. Nxb4+ Ke4 65. Kg3 Kf5 66. Kh4
Kg6 67. Nd5 Kg7 68. Kh5 Kh7 69. Ne7 1-0

[Event "Montcalm 1 2016-17"]
[Site "Quebec CAN"]
[Date "2016.09.22"]
[Round "3"]
[White "Lamontagne, Danny"]
[Black "Dube, Dominic"]
[Result "1-0"]
[WhiteElo "1864"]
[BlackElo "1750"]
[PlyCount "66"]
[EventDate "2016.09.08"]
[EventType "swiss"]
[EventRounds "5"]
[EventCountry "CAN"]

1. e4 c6 2. d4 d5 3. exd5 cxd5 4. Bd3 Nc6 5. c3 Nf6 6. Bf4 Bg4 7. Qb3 Qd7 8.
Nd2 e6 9. Ngf3 Bd6 10. Bxd6 Qxd6 11. O-O O-O 12. Rfe1 Nd7 13. Qc2 h6 14. h3
Bxf3 15. Nxf3 Rac8 16. Qd2 Na5 17. b3 b6 18. Rac1 Rc7 19. Re3 Rfc8 20. Ne5 Nxe5
21. dxe5 Qe7 22. Rg3 Kh8 23. Bb1 Qh4 24. Rg4 Qh5 25. Qd3 Qf5 26. Qg3 Qh5 27.
Rxg7 f5 28. exf6 e5 29. f7 Rxf7 30. Rxf7 Qxf7 31. Qxe5+ Kg8 32. Bf5 Re8 33.
Qg3+ Kh8 1-0

[Event "Montcalm 1 2016-17"]
[Site "Quebec CAN"]
[Date "2016.09.22"]
[Round "3"]
[White "Lapierre, Gaetan"]
[Black "Cournoyer, Dominic"]
[Result "1-0"]
[WhiteElo "1896"]
[BlackElo "1947"]
[PlyCount "129"]
[EventDate "2016.09.08"]
[EventType "swiss"]
[EventRounds "5"]
[EventCountry "CAN"]

1. e4 d5 2. exd5 Nf6 3. Nc3 Nxd5 4. Nxd5 Qxd5 5. Nf3 g6 6. Be2 Bg7 7. c4 Qd6 8.
d4 O-O 9. O-O Nc6 10. d5 Ne5 11. Nd4 Nxc4 12. Nb5 Qc5 13. Qb3 Nb6 14. Be3 Qxd5
15. Nxc7 Qxb3 16. axb3 Rb8 17. Rxa7 Nd7 18. Nd5 e6 19. Ne7+ Kh8 20. Bb5 Ne5 21.
Bf4 Rd8 22. Nxc8 Rbxc8 23. Rxb7 Rb8 24. Rxb8 Rxb8 25. Ba4 Rd8 26. g3 Nd3 27.
Rd1 e5 28. Be3 e4 29. Bb5 Bxb2 30. Bc4 Kg7 31. Kf1 Ba3 32. Ke2 Rb8 33. Bxd3
exd3+ 34. Rxd3 Kf6 35. Kf3 Bb2 36. Bf4 Rb5 37. Ke2 Ke6 38. Be3 Rb7 39. Kd2 Bf6
40. Bc5 h5 41. h4 g5 42. hxg5 Bxg5+ 43. Kc3 h4 44. gxh4 Bxh4 45. b4 Ke5 46. Kc4
f5 47. Bd6+ Ke6 48. f4 Bf2 49. Bc5 Bh4 50. Re3+ Kf7 51. Rh3 Bf6 52. Rh7+ Bg7
53. Bd4 Rc7+ 54. Kb3 Rc1 55. Rxg7+ Ke6 56. Be5 Kd5 57. Rd7+ Ke6 58. Rd6+ Ke7
59. b5 Rb1+ 60. Kc4 Rc1+ 61. Kd5 Rd1+ 62. Kc6 Rc1+ 63. Kb7 Rc5 64. b6 Rc1 65.
Rc6 1-0

[Event "Montcalm 1 2016-17"]
[Site "Quebec CAN"]
[Date "2016.09.22"]
[Round "3"]
[White "Leblanc-Legault, Mathieu"]
[Black "Ripoll, Arthur"]
[Result "1-0"]
[WhiteElo "1695"]
[BlackElo "1709"]
[PlyCount "47"]
[EventDate "2016.09.08"]
[EventType "swiss"]
[EventRounds "5"]
[EventCountry "CAN"]

1. d4 d5 2. Nf3 Nf6 3. e3 e6 4. Be2 Be7 5. O-O O-O 6. c4 c6 7. Nc3 Nbd7 8. b3
b6 9. Bb2 Bb7 10. Bd3 dxc4 11. bxc4 c5 12. d5 exd5 13. Nxd5 Nxd5 14. cxd5 f5
15. Bc4 Bf6 16. Qc2 Bxb2 17. Qxb2 Nf6 18. Rad1 Qd6 19. Qe5 Ne4 20. Qe6+ Kh8 21.
Ne5 Qxe6 22. dxe6 Rf6 23. e7 Nd6 24. Rxd6 1-0

[Event "Montcalm 1 2016-17"]
[Site "Quebec CAN"]
[Date "2016.09.22"]
[Round "3"]
[White "Plante, Rejean"]
[Black "Tremblay, Charles"]
[Result "1-0"]
[WhiteElo "2096"]
[BlackElo "1624"]
[PlyCount "109"]
[EventDate "2016.09.08"]
[EventType "swiss"]
[EventRounds "5"]
[EventCountry "CAN"]

1. Nf3 Nf6 2. c4 e6 3. g3 d5 4. Bg2 Nbd7 5. O-O Be7 6. b3 O-O 7. Bb2 c5 8. e3
Rb8 9. Nc3 a6 10. Qe2 b6 11. cxd5 exd5 12. d4 Bb7 13. Rfd1 Re8 14. dxc5 Bxc5
15. Nd4 Ne5 16. Na4 Bf8 17. Rac1 Rc8 18. Bh3 b5 19. Bxc8 Bxc8 20. Nc5 Bg4 21.
f3 Qb6 22. b4 Bh3 23. Ndb3 Nc4 24. Bd4 Qd6 25. Nd3 Qb8 26. Qf2 Nd7 27. Nbc5
Nxc5 28. Nxc5 Qd6 29. Nd3 Qb8 30. Re1 Bd6 31. Nc5 Qc8 32. Nd3 Bc7 33. Nf4 Bf5
34. Nxd5 Bd8 35. e4 Be6 36. Nf4 Bd7 37. Bc5 Bc6 38. a4 Bg5 39. axb5 Bxb5 40.
Rcd1 Qb8 41. Nd5 Re6 42. f4 Bd8 43. e5 h6 44. Qd4 Re8 45. Nc3 Nb2 46. Rd2 Na4
47. Nxa4 Bxa4 48. f5 Bg5 49. Rf2 Bf6 50. Bd6 Qc8 51. Ra1 Bg5 52. h4 Bb5 53.
hxg5 hxg5 54. Qc5 Qa8 55. Qxb5 1-0

[Event "Montcalm 1 2016-17"]
[Site "Quebec CAN"]
[Date "2016.09.22"]
[Round "3"]
[White "Quigley, Charles-David"]
[Black "Dube, Daniel"]
[Result "0-1"]
[WhiteElo "1400"]
[BlackElo "1818"]
[PlyCount "42"]
[EventDate "2016.09.08"]
[EventType "swiss"]
[EventRounds "5"]
[EventCountry "CAN"]

1. d4 Nf6 2. c4 g6 3. Nc3 Bg7 4. e4 d6 5. Nf3 O-O 6. h3 e5 7. d5 Nh5 8. g3 f5
9. exf5 gxf5 10. Nh4 Nf6 11. Bg5 Qe8 12. Qc2 h6 13. Bd2 e4 14. O-O-O a5 15. Re1
Na6 16. Nb5 Bd7 17. Nd4 Nb4 18. Qb1 Qc8 19. Rg1 Nfxd5 20. Ne2 Nd3+ 21. Kd1
Nxb2+ 0-1

[Event "Montcalm 1 2016-17"]
[Site "Quebec CAN"]
[Date "2016.09.29"]
[Round "4"]
[White "Chabot, Sebastien"]
[Black "Lacerte, Kevin"]
[Result "0-1"]
[WhiteElo "1235"]
[BlackElo "1597"]
[PlyCount "46"]
[EventDate "2016.09.08"]
[EventType "swiss"]
[EventRounds "5"]
[EventCountry "CAN"]

1. d4 f5 2. c4 e6 3. Nf3 Nf6 4. Bg5 Be7 5. e3 b6 6. Nc3 Bb7 7. a3 O-O 8. Be2 d6
9. b4 Nbd7 10. O-O Ne4 11. Bxe7 Qxe7 12. Nb5 Ndf6 13. Qc2 c5 14. Nc3 Nxc3 15.
Qxc3 Ne4 16. Qb3 g5 17. d5 e5 18. Qd3 g4 19. Ne1 Qh4 20. f4 Rf6 21. fxe5 Rh6
22. Rxf5 Qxh2+ 23. Kf1 Qh1# 0-1

[Event "Montcalm 1 2016-17"]
[Site "Quebec CAN"]
[Date "2016.09.29"]
[Round "4"]
[White "Cournoyer, Dominic"]
[Black "Abran, David"]
[Result "1-0"]
[WhiteElo "1947"]
[BlackElo "1888"]
[PlyCount "63"]
[EventDate "2016.09.08"]
[EventType "swiss"]
[EventRounds "5"]
[EventCountry "CAN"]

1. c4 Nf6 2. Nc3 e5 3. Nf3 Nc6 4. d4 exd4 5. Nxd4 Bb4 6. g3 O-O 7. Bg2 Re8 8.
O-O Nxd4 9. Qxd4 c6 10. Bg5 Qa5 11. Bxf6 gxf6 12. Ne4 Be7 13. c5 f5 14. b4 Qd8
15. Nd6 Bxd6 16. cxd6 b6 17. e4 Ba6 18. Rfe1 fxe4 19. Bxe4 Rc8 20. Bf5 Qg5 21.
Bxd7 Rxe1+ 22. Rxe1 c5 23. bxc5 bxc5 24. Qa4 Rd8 25. Qxa6 Rxd7 26. Qc8+ Rd8 27.
Re8+ Rxe8 28. Qxe8+ Kg7 29. d7 Qf5 30. d8=Q Qb1+ 31. Kg2 Qb7+ 32. Kh3 1-0

[Event "Montcalm 1 2016-17"]
[Site "Quebec CAN"]
[Date "2016.09.29"]
[Round "4"]
[White "Lapierre, Gaetan"]
[Black "Fecteau, Martin"]
[Result "1-0"]
[WhiteElo "1896"]
[BlackElo "1869"]
[PlyCount "131"]
[EventDate "2016.09.08"]
[EventType "swiss"]
[EventRounds "5"]
[EventCountry "CAN"]

1. e4 d5 2. exd5 Qxd5 3. Nf3 Nf6 4. d4 c6 5. Be2 g6 6. O-O Bg7 7. c4 Qd8 8. Nc3
O-O 9. h3 Nbd7 10. Be3 a5 11. Qd2 Re8 12. Rad1 b6 13. Bh6 Qc7 14. Bf4 Qa7 15.
Ne5 Bb7 16. Nxd7 Nxd7 17. d5 Nf6 18. dxc6 Bxc6 19. Nb5 Qb7 20. Nc7 Bxg2 21.
Nxe8 Rxe8 22. Rfe1 Bxh3 23. f3 Nh5 24. Bh2 Bf6 25. Bf1 Qxf3 26. Bxh3 Qxh3 27.
Qd7 Qxd7 28. Rxd7 Rc8 29. b3 Rc5 30. Bc7 b5 31. Bb6 Rg5+ 32. Kh2 bxc4 33. bxc4
Rg4 34. c5 Rc4 35. Re2 Nf4 36. Red2 Ne6 37. Bxa5 Nxc5 38. Rd8+ Kg7 39. Rc8 Rh4+
40. Kg2 Ne6 41. Bc3 Rg4+ 42. Kh3 h5 43. Bxf6+ Kxf6 44. Rc3 Ng5+ 45. Kh2 e5 46.
Rd6+ Kf5 47. Rdc6 Ne6 48. R6c4 Nf4 49. a4 Rg2+ 50. Kh1 Ra2 51. Rc2 Rxc2 52.
Rxc2 Nd3 53. a5 Nb4 54. Rb2 Na6 55. Rb6 Nc7 56. Rb7 Na6 57. Rxf7+ Ke4 58. Rf6
Nc5 59. Rxg6 Ke3 60. a6 Nxa6 61. Rxa6 e4 62. Kg2 h4 63. Ra3+ Ke2 64. Rh3 e3 65.
Rxh4 Ke1 66. Kf3 1-0

[Event "Montcalm 1 2016-17"]
[Site "Quebec CAN"]
[Date "2016.09.29"]
[Round "4"]
[White "Pare, Marc"]
[Black "Cummins, Paul"]
[Result "1-0"]
[WhiteElo "1921"]
[BlackElo "1732"]
[PlyCount "115"]
[EventDate "2016.09.08"]
[EventType "swiss"]
[EventRounds "5"]
[EventCountry "CAN"]

1. e4 c5 2. c3 d5 3. exd5 Qxd5 4. d4 Nc6 5. Nf3 cxd4 6. cxd4 e5 7. Nc3 Bb4 8.
Bd2 Bxc3 9. Bxc3 e4 10. Nd2 Nf6 11. Bc4 Qg5 12. Qb3 O-O 13. O-O-O Bg4 14. Rde1
Rac8 15. Re3 b5 16. Qxb5 Qxb5 17. Bxb5 Nxd4 18. Ba6 Rc7 19. Nxe4 Nd5 20. Ree1
f5 21. Kb1 Nxc3+ 22. Nxc3 Rb8 23. Nd5 Rc5 24. f3 Bh5 25. Re5 Rc2 26. b3 Rxg2
27. Nf4 Rg5 28. Nxh5 Rxh5 29. f4 Nc6 30. Rc5 Nd4 31. Rc7 Nb5 32. Bxb5 Rxb5 33.
Rxa7 Rb8 34. Rg1 g6 35. Rg2 Rb4 36. Rc2 Rb8 37. Kb2 Rf8 38. a4 Rh4 39. Rf2 Rb8
40. Rc7 g5 41. fxg5 Rxa4 42. Rxf5 Rab4 43. Rf3 Re4 44. Rfc3 Rg4 45. Rg3 Rf4 46.
Rh3 Rg4 47. Rcxh7 Rg2+ 48. Kc3 Rc8+ 49. Kd4 Rd8+ 50. Ke4 Rdd2 51. R7h5 Rge2+
52. Re3 Rg2 53. h4 Rg4+ 54. Kf5 Rdd4 55. Re6 Rgf4+ 56. Kg6 Rd8 57. Rb6 Rdf8 58.
Rh7 1-0

[Event "Montcalm 1 2016-17"]
[Site "Quebec CAN"]
[Date "2016.09.29"]
[Round "4"]
[White "Sarra-Bournet, Marc"]
[Black "Lamontagne, Danny"]
[Result "0-1"]
[WhiteElo "1797"]
[BlackElo "1864"]
[PlyCount "72"]
[EventDate "2016.09.08"]
[EventType "swiss"]
[EventRounds "5"]
[EventCountry "CAN"]

1. e4 c5 2. Nc3 a6 3. Bc4 e6 4. a4 Nc6 5. Nf3 Nge7 6. Qe2 Nd4 7. Nxd4 cxd4 8.
Nd1 g6 9. O-O Bg7 10. d3 O-O 11. Bg5 Re8 12. f4 Qb6 13. f5 f6 14. Bh4 gxf5 15.
exf5 d5 16. Bb3 e5 17. Qf3 Qd6 18. Qh5 Bd7 19. Rf3 Kh8 20. Nf2 Rg8 21. Ng4 Be8
22. Qxh7+ Kxh7 23. Rh3 Nxf5 24. Rf1 Nxh4 25. Rxh4+ Kg6 26. Nf2 f5 27. Rh3 Bh6
28. Rg3+ Kh7 29. Rh3 Bd7 30. Kh1 Rg6 31. Rh4 Rag8 32. g3 Be6 33. Nh3 Kg7 34.
Rh5 Rh8 35. a5 Be3 36. Rxh8 Kxh8 0-1

[Event "Montcalm 1 2016-17"]
[Site "Quebec CAN"]
[Date "2016.09.29"]
[Round "4"]
[White "Tremblay, Rejean"]
[Black "Dube, Daniel"]
[Result "1-0"]
[WhiteElo "2223"]
[BlackElo "1818"]
[PlyCount "33"]
[EventDate "2016.09.08"]
[EventType "swiss"]
[EventRounds "5"]
[EventCountry "CAN"]

1. d4 Nf6 2. Nf3 g6 3. c4 Bg7 4. Nc3 O-O 5. e4 d6 6. Be2 e5 7. O-O Na6 8. Re1
c6 9. dxe5 dxe5 10. Qxd8 Rxd8 11. Nxe5 Re8 12. f4 Nxe4 13. Nxe4 f6 14. Nd6 Rxe5
15. fxe5 Nb4 16. Rd1 Nc2 17. Rb1 1-0